Normal view
MARC view
Entry Topical Term
001 - CONTROL NUMBER
- control field: 41739
003 - CONTROL NUMBER IDENTIFIER
- control field: ARRUPE
005 - DATE AND TIME OF LATEST TRANSACTION
- control field: 20180524101609.0
008 - FIXED-LENGTH DATA ELEMENTS
- fixed length control field: 180524|| aca||aabn | a|a d
040 ## - CATALOGING SOURCE
- Original cataloging agency: ARRUPE
- Transcribing agency: ARRUPE
150 ## - HEADING--TOPICAL TERM
- Topical term or geographic name as entry element: Medicine, Traditional
- Geographic subdivision: Zimbabwe
670 ## - SOURCE DATA FOUND
- Source citation: Work cat.: (ARRUPE)92549: Chavunduka, Gordon Lloyd 41737, Interaction of folk and scientific beliefs in Shona medical practices, 1972